Sri Sri Ravi Shankar ji : (Record no. 143404)
[ view plain ]
| 000 -LEADER | |
|---|---|
| fixed length control field | 00641nam a22001937a 4500 |
| 005 - DATE AND TIME OF LATEST TRANSACTION | |
| control field | 20230529142837.0 |
| 010 ## - LCCN (DPL NO) | |
| LC control number | ENG-119694 |
| 020 ## - INTERNATIONAL STANDARD BOOK NUMBER | |
| Terms of availability | 449.00 |
| International Standard Book Number | 9788192306421 |
| 035 ## - SYSTEM CONTROL NUMBER | |
| System control number | EN-103226 |
| 037 ## - SOURCE OF ACQUISITION | |
| Source of stock number/acquisition | DBAD/PUB |
| 082 ## - DEWEY DECIMAL CLASSIFICATION NUMBER | |
| Classification number | 921 |
| 100 ## - MAIN ENTRY--PERSONAL NAME | |
| Personal name | Pawan Kumar |
| 245 ## - TITLE STATEMENT | |
| Title | Sri Sri Ravi Shankar ji : |
| Remainder of title | his art of living :a biography / |
| Statement of responsibility, etc | by Pawan Kumar |
| 260 ## - PUBLICATION, DISTRIBUTION, ETC. (IMPRINT) | |
| Place of publication, distribution, etc | New Delhi |
| Name of publisher, distributor, etc | Orange Books International |
| Date of publication, distribution, etc | 2012 |
| 270 ## - ADDRESS | |
| Address | 113A, Praksha Scout, Ansari Road, Daryaganj, |
| City | New Delhi |
| Postal code | 110002 |
| 300 ## - PHYSICAL DESCRIPTION | |
| Extent | viii,256p. |
| Dimensions | 24cm(pbk) |
| 500 ## - GENERAL NOTE | |
| General note | Includes bibliographical references and index |
| 942 ## - ADDED ENTRY ELEMENTS (KOHA) | |
| Source of classification or shelving scheme | Dewey Decimal Classification |
| Item type | English Books |
| Classification part | 921 |
| Call number suffix | PAW |
| Withdrawn status | Lost status | Not for loan | Collection code | Home library | Current library | Date acquired | Source of acquisition | Cost, normal purchase price | Full call number | Barcode | Copy number | Cost, replacement price | Koha item type |
|---|---|---|---|---|---|---|---|---|---|---|---|---|---|
| Non-fiction | Ashok Vihar | Ashok Vihar | 16/08/2017 | DBAD/PUB | 449.00 | 921 PAW | EN-103226 | 1 | 449.00 | English Books |
